Word Ladder: TV Shows by Cast Quiz Stats

 Plays Quiz Updated Aug 22, 2013

     
Support Sporcle.
Go Orange.
Score 0/42 Timer 05:00
0 Plays Today
Clue 4-Letter Word % Correct
Adhesive liquidGLUE
93.2%
2004 Ben Stiller movie: 'Along _____ Polly'CAME
90.1%
Old game show: Win, ___ or DrawLOSE
90.1%
American coin worth ten centsDIME
89.3%
* Jane Lynch, Lea Michele, Chris Colfer *GLEE
88.6%
Nickelodeon series: 'Are You Afraid of the ___?'DARK
88.2%
'My country 'tis of _____'THEE
88.2%
What you throw to try for a bullseyeDART
87.7%
Long-handled floor-cleaning toolsMOPS
86.9%
Do your jobWORK
86.8%
Atlas pagesMAPS
86.6%
Avatar: The ___ AirbenderLAST
85.4%
British rock band: _____ StraitsDIRE
85.1%
Quirky or socially inept personDORK
84.7%
* Real policemen, real criminals *COPS
84%
Payment on public transportationFARE
83.7%
Ceremony in a cathedralMASS
83.6%
* Matthew Fox, Naveen Andrews, Josh Holloway *LOST
82.7%
Donald Trump's favorite verb?FIRE
82%
* Alan Alda, McLean Stevenson, Wayne Rogers *M*A*S*H
81.5%
Jack's lover in James Cameron's 'Titanic'ROSE
80.8%
Clue 4-Letter Word % Correct
A hit with a whipLASH
79.3%
* Debbie Allen, Albert Hague, Gene Anthony Ray *FAME
79.2%
Absence of difficultyEASE
78.3%
South Asian clarified butterGHEE
77.5%
* Courteney Cox, Josh Stewart, Alex Breckinridge *DIRT
76.8%
Stephen King's 'Under the ___'DOME
74.8%
ABC drama starring James Bulliard: 'That Was _____.'THEN
73.8%
Former Italian currencyLIRE
71.3%
Model handful on 'Deal Or No Deal'CASE
70.2%
To struggle or dealCOPE
70.1%
* David Lyons, Keith David, Summer Glau *CAPE
67%
* Ray Stevenson, Kevin McKidd, Lindsay Duncan *ROME
66.5%
Hangout spot on 'Frasier': _____ NervosaCAFE
55.3%
Michael Dorn's Star Trek KlingonWORF
46.3%
If-Then-___ computer statementsELSE
44.4%
'Beloved,' in French (feminine)ÉLUE
42.8%
* Sarah Shahi, Damian Lewis, Adam Arkin *LIFE
38.6%
* Tyler Posey, Crystal Reed, Colton Haynes [w/ Last Rung] *TEEN
33.1%
WidespreadRIFE
32.8%
Vampire slayer on 'Port Charles': _____ KovichRAFE
31.9%
* Tyler Posey, Crystal Reed, Colton Haynes [With 1st Rung] *WOLF
31.3%

Today's Daily Dose

Missing Word
5 Actors, 1 Role V

Word Ladder
MLB Hall of Fame

Quick Pick
Movies of 1995

Get the Picture
Colorful Actors

From the Vault

Land Vehicles

by PrincessMartell

Take this quiz out for a test drive.
Remove Ads.
Support Sporcle.
Get the best of Sporcle when you Go Orange. This ad-free experience offers more features, more stats, and more fun while also helping to support Sporcle. Thank you for becoming a member.

Show Comments

Extras

Top Quizzes Today


Score Distribution

Your Account Isn't Verified!

In order to create a playlist on Sporcle, you need to verify the email address you used during registration. Go to your Sporcle Settings to finish the process.

Report this User

Report this user for behavior that violates our Community Guidelines.

Details: